000 02111nam a2200301Ia 4500
999 _c49229
_d49229
001 16141
003 GE_BSU
005 20241206114608.0
008 181216s2015||||ge |||||||||||||| ||geo||
020 _a9789941210327
040 _cGE_BSU
041 _ageo
080 _a27-36(470) წ-714
245 _cწმინდა მოწამე აღათონიკე და მასთან ერთად წამებულნი ; წმინდა მოწამე ლეონიდე კორინთელი ; ღირსი პაისი ათონელი /
_aშემდგენელი კახაბერ კენკიშვილი ; გარეკანის დიზაინი ეთერ გზირიშვილი.
264 _aთბილისი :
_bპალიტრა L,
_c2015.
300 _a229 გვ. :
_bილ. ;
_c20 სმ.
490 _aსაქართველოს იმედი II : ყველა წმინდანი, რომელთა შესახებაც უნდა იცოდე, 2298-0547 / პროექტის რედაქტორი თამარ მამაცაშვილი
_vწ. 21
500 _aიბეჭდება სრ. საქ. კათოლიკოს–პატრიარქის ილია II–ის ლოცვა–კურთხევით
541 _h2ლ.
653 _aრელიგია
653 _aწმინდა მოწამე აღათონიკე და მასთან ერთად წამებულნი
653 _aწმინდა მოწამე ლეონიდე კორინთელი
653 _a ღირსი პაისი ათონელი
653 _a წმიდანთა ცხოვრება
700 _aკენკიშვილი, კახაბერ
_eშემდგენელი
_923887
700 _aგზირიშვილი, ეთერ
_eგარეკანის დიზაინი
_923888
942 _cBK
_2udc